000 00807nam a2200265Ia 4500
003 OSt
005 20220928125714.0
006 a|||||r|||| 00| 0
007 ta
008 220927b |||||||| |||| 00| 0 eng d
020 _c3221.4000000000001
024 _a112856
037 _b2987, 01/11/2011, The Book Seller
_cTextual
040 _aSDCL
_cSDCL
_beng
041 _2eng
_aeng
082 _aS:1, Q0
100 _aMarcotte Thomas D Ed.
_9471133
245 0 _aNeuropsychology of everyday functioning.
260 _aNew York
_b Guilford Press
_c2010
300 _axviii,477p.
_ccm.
650 _aPsychology
700 _a Grant Igor Ed.
_9471134
942 _hS:1, Q0
_cTEXL
_2CC
999 _c783769
_d783769